Biggest Cities in Alabama on a Map - Statistics

General Stats
  • This quiz has been taken 383 times
  • The average score is 7 of 10
Answers on the Map
Answers color-coded by a green-red scale on the quiz's map according to % correct below.
 
Answer Stats
Population City % Correct
209,403 Birmingham
99%
188,720 Mobile
96%
198,525 Montgomery
95%
200,574 Huntsville
90%
101,129 Tuscaloosa
86%
66,259 Auburn
66%
68,941 Dothan
60%
54,445 Decatur
55%
85,768 Hoover
54%
51,593 Madison
44%
No matching quizzes found
Score Distribution
Percent of People with Each Score
Percentile by Number Answered
Your Score History
You have not taken this quiz